Latin America in graphs : demographic, economic and social trends [1974-1994].
Guardado en:
| Autor Corporativo: | |
|---|---|
| Formato: | Libro |
| Idioma: | English |
| Publicado: |
Washington, D.C. :
Inter-American Development Bank,
c1995.
|
| Materias: | |
| Etiquetas: |
Agregar Etiqueta
Sin Etiquetas, Sea el primero en etiquetar este registro!
|
| LEADER | 00621nam a22001695a 4500 | ||
|---|---|---|---|
| 001 | EAD.ead001817 | ||
| 008 | 090701s1995####dcu######b####000#0#eng#d | ||
| 005 | 20130809104859.0 | ||
| 245 | 1 | 0 | |a Latin America in graphs : |b demographic, economic and social trends [1974-1994]. |
| 260 | |a Washington, D.C. : |b Inter-American Development Bank, |c c1995. | ||
| 300 | |a 200 p. ; |c 30 cm. | ||
| 020 | |a 0940602792 | ||
| 710 | 2 | |a Banco Interamericano de Desarrollo. | |
| 082 | 0 | 4 | |a 338.98 |2 21 |
| 650 | 7 | |a Desarrollo económico y social. |2 unbist | |
| 651 | 7 | |a América Latina. |2 unbist | |
| 859 | |a AR-BaBDC |b BIB. ADMINISTRACION - Libros |h 338.98 |i B22-1 |p b05915 | ||
